00487nam a2200169Ia 4500003000400000005001700004008004000021020001800061040000700079041001200086082001800098100001800116245003500134260003300169300000800202650010700210OSt20231123164351.0210210b2003 xxu||||| |||| 00| 0 eng d a81 7663 259 7 cAL aEnglish a581.0724 KHAP aKHANNA (V K). aPlant tissue culture practice. aNDbKalyani Publishersc2003 a177 aplant tissue culture micropropagation antibiotics callus culture somaclonal variation hybridization